000 00364nam a2200157Ia 4500
005 20250703023107.0
008 240331s9999 xx 000 0 und d
020 _a9559052233
082 _bRUN
_a820
100 _aRuwanpathirana,M
245 0 _aDuu kumari
260 _aColombo
_bCentre for women's Research
300 _a15 p .,
650 _aWomen
942 _cL
999 _c5168
_d5168